| 000 | 00634nam a2200229Ia 4500 | ||
|---|---|---|---|
| 001 | 11164 | ||
| 005 | 20240113235259.0 | ||
| 007 | ta | ||
| 008 | 050809s1999 a g b000 u ben u | ||
| 040 | _aCotton College Assam | ||
| 041 | _aben | ||
| 082 |
_a891.444 _bMu 896 Ro |
||
| 100 | _aMahopadhay, Arun Kumar. | ||
| 245 | 0 |
_aRabindrabitan / _cArun Kumar Mahopadhay. _hTextual Documents |
|
| 250 | _a1st ed / | ||
| 260 |
_aCalcutta : _bDeys Publishing , _c1999. |
||
| 300 |
_a191p. : _bill ; _c21cm . |
||
| 653 | _aBengali Essay-Collection-Rabindranath | ||
| 942 |
_2ddc _cBK |
||
| 999 |
_c11151 _d11151 |
||